000
00428nam a2200145Ia 4500
008
100122s9999 xx 000 0 und d
082
_b
52025
_a
81
100
_a
केळकर ग म
245
_a
न्यारा संत
260
_b
नवसाहित्य बुक स्टॉल
_c
1995
300
_a
120
630
_a
न्यारा संत
730
_a
न्यारा संत
942
_c
BOOK
999
_c
429301
_d
429298